[Event "BL 8283 Solingen-München 36"]
[Site "?"]
[Date "1983.??.??"]
[Round "?.2"]
[White "Kavalek, L."]
[Black "Robatsch, K."]
[Result "1/2-1/2"]
[WhiteElo "2570"]
[BlackElo "2410"]
[PlyCount "74"]
[EventDate "1983.??.??"]

1. c4 Nf6 2. Nc3 e6 3. Nf3 b6 4. d4 Bb4 5. Qc2 Bb7 6. a3 Bxc3+ 7. Qxc3 d6 8. b4
Nbd7 9. Bb2 O-O 10. e3 a5 11. Rd1 axb4 12. axb4 Ne4 13. Qb3 b5 14. cxb5 Bd5 15.
Qc2 Ra2 16. Bd3 Qa8 17. O-O Qa4 18. Qxc7 Rxb2 19. Bxe4 Bxe4 20. Qxd7 Bxf3 21.
gxf3 Qxb4 22. Rc1 g6 23. Rc6 Qxb5 24. Qxd6 Qg5+ 25. Qg3 Qxg3+ 26. hxg3 Ra8 27.
g4 h6 28. Kg2 Raa2 29. f4 Kg7 30. Kg3 Rd2 31. Rc7 g5 32. f5 exf5 33. gxf5 h5
34. Kf3 Kf6 35. Rc6+ Kg7 36. Rd6 Rab2 37. Rd7 Ra2 1/2-1/2

[Event "BL 8283 Solingen-München 36"]
[Site "?"]
[Date "1983.??.??"]
[Round "?.3"]
[White "Bastian, H."]
[Black "Hecht, H."]
[Result "1/2-1/2"]
[WhiteElo "2360"]
[BlackElo "2455"]
[PlyCount "108"]
[EventDate "1983.??.??"]

1. e4 e5 2. Nf3 Nc6 3. Bc4 Bc5 4. c3 Qe7 5. d3 Nf6 6. Nbd2 a6 7. Bb3 d6 8. Nc4
O-O 9. O-O Ba7 10. Re1 Be6 11. Be3 b5 12. Ncd2 Bxe3 13. Rxe3 Na5 14. Bxe6 Qxe6
15. d4 Nc4 16. Nxc4 Qxc4 17. Nd2 Qe6 18. d5 Qd7 19. Qf3 c6 20. dxc6 Qxc6 21.
Rd1 Rad8 22. Nf1 Rfe8 23. Ng3 d5 24. exd5 Rxd5 25. Rxd5 Qxd5 26. Qxd5 Nxd5 27.
Rd3 Nf4 28. Rd6 h5 29. Ne4 Ra8 30. Nc5 a5 31. g3 Ng6 32. Rb6 b4 33. cxb4 axb4
34. Na6 e4 35. Nxb4 Ne5 36. Na6 Nc4 37. Rb8+ Rxb8 38. Nxb8 Nxb2 39. Kf1 Na4 40.
Ke1 f5 41. Kd2 Kf7 42. h4 Ke6 43. Nc6 Kd5 44. Ne7+ Ke6 45. Ng6 Kf6 46. Nf4 g5
47. Nd5+ Ke5 48. Nc3 gxh4 49. gxh4 Nb6 50. a4 Nc4+ 51. Ke2 f4 52. f3 exf3+ 53.
Kxf3 Kf5 54. a5 Nxa5 1/2-1/2

[Event "BL 8283 Zähringen-HSK"]
[Site "?"]
[Date "1983.??.??"]
[Round "?.2"]
[White "Schuh, H."]
[Black "Chandler, M."]
[Result "0-1"]
[WhiteElo "2305"]
[BlackElo "2505"]
[PlyCount "54"]
[EventDate "1983.??.??"]

1. Nf3 Nf6 2. c4 e6 3. d4 c5 4. g3 cxd4 5. Nxd4 Bb4+ 6. Nc3 O-O 7. Bg2 d5 8.
Nc2 Bxc3+ 9. bxc3 Qc7 10. Ne3 dxc4 11. O-O e5 12. Rb1 Nc6 13. Qa4 Be6 14. Nxc4
Nd5 15. Bd2 Rfd8 16. Rb2 Rac8 17. f4 exf4 18. gxf4 Nce7 19. Ne5 Nxc3 20. Qxa7
Nxe2+ 21. Kh1 Bd5 22. Bxd5 Rxd5 23. Rxb7 Qc2 24. Nf3 Rxd2 25. Rxe7 Rd1 26. Qf2
Ng3+ 27. Kg2 Nxf1 0-1

[Event "BL 8283 Zähringen-HSK"]
[Site "?"]
[Date "1983.??.??"]
[Round "?.3"]
[White "Reefschlaeger, H."]
[Black "Raupp, T."]
[Result "1-0"]
[WhiteElo "2380"]
[BlackElo "2245"]
[PlyCount "43"]
[EventDate "1983.??.??"]

1. d4 d5 2. Nf3 Nf6 3. g3 e6 4. c4 dxc4 5. Bg2 a6 6. O-O c5 7. dxc5 Qxd1 8.
Rxd1 Bxc5 9. Ne5 Ra7 10. Nxc4 b5 11. Bf4 Nbd7 12. Nd6+ Ke7 13. Nc3 e5 14. Nf5+
Ke8 15. Bg5 h6 16. Bxf6 gxf6 17. Ne4 Be7 18. Rac1 Nb6 19. Nfd6+ Bxd6 20. Nxd6+
Ke7 21. Rc6 Be6 22. Rxb6 1-0

[Event "BL 8283 Zähringen-HSK"]
[Site "?"]
[Date "1983.??.??"]
[Round "?.4"]
[White "Bassler, M."]
[Black "Cordes, H."]
[Result "1-0"]
[WhiteElo "2235"]
[BlackElo "2280"]
[PlyCount "69"]
[EventDate "1983.??.??"]

1. Nf3 Nf6 2. g3 e6 3. Bg2 d5 4. O-O c5 5. d3 Nc6 6. Nbd2 Be7 7. e4 b6 8. Re1
Bb7 9. c3 Qc7 10. a3 O-O-O 11. e5 Nd7 12. d4 g5 13. Nf1 Rdg8 14. h3 h5 15. Be3
Ba6 16. Rc1 Bxf1 17. Bxf1 c4 18. b3 b5 19. a4 a6 20. axb5 axb5 21. bxc4 bxc4
22. Qa4 g4 23. hxg4 hxg4 24. Nd2 Ndb8 25. Rb1 f5 26. Rb5 Rh5 27. Reb1 Rgh8 28.
Bg2 Rh2 29. Qa8 Bb4 30. R1xb4 Nxb4 31. Rxb4 R2h7 32. Qa4 Qa7 33. Qb5 Kc7 34.
Nxc4 dxc4 35. d5 1-0

[Event "BL 8283 Zähringen-HSK"]
[Site "?"]
[Date "1983.??.??"]
[Round "?.5"]
[White "Gruenberg, Ra"]
[Black "Vatter, H."]
[Result "1/2-1/2"]
[WhiteElo "2315"]
[BlackElo "2240"]
[PlyCount "75"]
[EventDate "1983.??.??"]

1. d4 Nf6 2. c4 c5 3. d5 b5 4. cxb5 a6 5. f3 g6 6. e4 d6 7. Na3 Bg7 8. Ne2 axb5
9. Nxb5 O-O 10. Nec3 Qb6 11. Be3 Na6 12. Bc4 Nd7 13. O-O Ne5 14. b3 Nc7 15.
Nxc7 Qxc7 16. Qc2 Qa5 17. Bd2 Nxc4 18. bxc4 Qb4 19. Nb5 Qa4 20. Rac1 Qxa2 21.
Qxa2 Rxa2 22. Bc3 Ba6 23. Bxg7 Kxg7 24. Ra1 Bxb5 25. cxb5 Rxa1 26. Rxa1 Rb8 27.
Ra5 Kf6 28. Kf2 Rb7 29. Ke3 e6 30. Ra6 Rxb5 31. Rxd6 Ke5 32. Rd7 Rb3+ 33. Kf2
Rb2+ 34. Ke3 Rb3+ 35. Ke2 Rb2+ 36. Ke3 exd5 37. Rxd5+ Ke6 38. g4 1/2-1/2

[Event "BL 8283 Zähringen-HSK"]
[Site "?"]
[Date "1983.??.??"]
[Round "?.6"]
[White "Vogel, R."]
[Black "Hess, C."]
[Result "1-0"]
[WhiteElo "2245"]
[BlackElo "2235"]
[PlyCount "65"]
[EventDate "1983.??.??"]

1. d4 Nf6 2. c4 e6 3. Nc3 Bb4 4. e3 O-O 5. Bd3 b6 6. Nge2 Bb7 7. O-O d5 8. Ng3
dxc4 9. Bxc4 c5 10. a3 cxd4 11. exd4 Bxc3 12. bxc3 Qc7 13. Qe2 Rc8 14. Bd3 Qxc3
15. Bb2 Qc6 16. f4 Nbd7 17. f5 Re8 18. Rac1 Qd6 19. fxe6 Rxe6 20. Qf2 Bd5 21.
Nf5 Qf8 22. Rc7 Rae8 23. Rxa7 g6 24. Ng3 h5 25. h3 Re3 26. Bb5 Qd6 27. Ne2 Rb3
28. Nc3 Rxc3 29. Bxc3 Ne4 30. Rxd7 Qxa3 31. Qb2 Qxc3 32. Qxc3 Nxc3 33. Rxd5 1-0

[Event "BL 8283 Zähringen-HSK"]
[Site "?"]
[Date "1983.??.??"]
[Round "?.7"]
[White "Schacht, H."]
[Black "Kiefer, G."]
[Result "0-1"]
[WhiteElo "2220"]
[BlackElo "2230"]
[PlyCount "44"]
[EventDate "1983.??.??"]

1. d4 Nf6 2. c4 e6 3. Nf3 b6 4. Nc3 Bb4 5. Qc2 Bb7 6. a3 Bxc3+ 7. Qxc3 Ne4 8.
Qc2 O-O 9. e3 f5 10. Bd3 d6 11. O-O Nd7 12. Nd2 Qh4 13. f3 Ng5 14. Rf2 Rf6 15.
f4 Nh3+ 16. gxh3 Qxh3 17. d5 Rg6+ 18. Kh1 exd5 19. Bxf5 d4+ 20. Be4 dxe3 21.
Re2 exd2 22. Bxd2 Qf3+ 0-1

[Event "BL 8283 Koblenz-Lasker"]
[Site "?"]
[Date "1983.??.??"]
[Round "?.1"]
[White "Wockenfuss, K."]
[Black "Doncevic, D."]
[Result "0-1"]
[WhiteElo "2390"]
[BlackElo "2275"]
[PlyCount "76"]
[EventDate "1983.??.??"]

1. d4 Nf6 2. c4 e6 3. Nc3 Bb4 4. g3 c5 5. Nf3 cxd4 6. Nxd4 O-O 7. Bg2 d5 8. Qb3
Bxc3+ 9. bxc3 e5 10. Nc2 dxc4 11. Qb5 Nc6 12. O-O Qc7 13. Bg5 a6 14. Qxc4 Be6
15. Qh4 Nd5 16. Bd2 Na5 17. Bxd5 Bxd5 18. Ne3 Be6 19. f4 Qd8 20. Be1 Qxh4 21.
gxh4 exf4 22. Rxf4 Rac8 23. a3 Rfe8 24. Kf2 Rc5 25. Rb1 b5 26. a4 Re5 27. Bd2
Nb3 28. Rb2 bxa4 29. Rxa4 Bd7 30. Rxb3 Bxa4 31. Ra3 Bd7 32. Rxa6 h6 33. c4 Rc8
34. Bc3 Re4 35. h5 Be6 36. Ra1 Bxc4 37. Rg1 f6 38. Bxf6 Rf4+ 0-1

[Event "BL 8283 Koblenz-Lasker"]
[Site "?"]
[Date "1983.??.??"]
[Round "?.2"]
[White "Schulz, KJ."]
[Black "Paulsen, D."]
[Result "0-1"]
[WhiteElo "2310"]
[BlackElo "2330"]
[PlyCount "87"]
[EventDate "1983.??.??"]

1. d4 Nf6 2. g3 c5 3. c3 e6 4. Bg2 d5 5. Nf3 Nc6 6. O-O Qb6 7. h3 Bd6 8. dxc5
Bxc5 9. b4 Bd6 10. Be3 Qd8 11. Nbd2 O-O 12. a3 e5 13. c4 h6 14. cxd5 Nxd5 15.
Nc4 Nxe3 16. Nxe3 e4 17. Nh4 Be5 18. Qxd8 Rxd8 19. Rad1 Be6 20. Bxe4 Bxh3 21.
Rxd8+ Rxd8 22. Rd1 Rxd1+ 23. Nxd1 Be6 24. Nf3 Ba1 25. Nd2 f5 26. Bc2 Nd4 27.
Bd3 Kf7 28. Kf1 Kf6 29. e3 Nb3 30. Nxb3 Bxb3 31. Ke1 g5 32. Kd2 a6 33. f4 Bd5
34. Nc3 Bc6 35. Bc2 g4 36. e4 Bxc3+ 37. Kxc3 Bxe4 38. Bxe4 fxe4 39. Kd4 Kf5 40.
a4 b6 41. a5 b5 42. Ke3 h5 43. Kf2 h4 44. Kg2 0-1

[Event "BL 8283 Koblenz-Lasker"]
[Site "?"]
[Date "1983.??.??"]
[Round "?.3"]
[White "Grzesik, T."]
[Black "Wolf, V."]
[Result "0-1"]
[WhiteElo "2330"]
[BlackElo "2245"]
[PlyCount "68"]
[EventDate "1983.??.??"]

1. e4 c5 2. Nf3 e6 3. d3 Nc6 4. g3 g6 5. Bg2 Bg7 6. O-O Nge7 7. c3 O-O 8. Re1
d6 9. Be3 f5 10. Nbd2 e5 11. Bg5 h6 12. Bxe7 Nxe7 13. Qb3+ Kh7 14. Rad1 Rb8 15.
d4 cxd4 16. cxd4 exd4 17. e5 Nc6 18. exd6 Qxd6 19. Nc4 Qc7 20. Na3 f4 21. Nb5
Qb6 22. Qa4 Bg4 23. Rd3 fxg3 24. hxg3 Rbd8 25. Nh4 a6 26. Na3 Qxb2 27. Qc2 Qxc2
28. Nxc2 Bf5 29. Nxf5 Rxf5 30. Bxc6 bxc6 31. Re7 c5 32. Rc7 Rb8 33. Na3 Rb4 34.
g4 Rg5 0-1

[Event "BL 8283 Koblenz-Lasker"]
[Site "?"]
[Date "1983.??.??"]
[Round "?.5"]
[White "Fette, M."]
[Black "Trauth, M."]
[Result "1/2-1/2"]
[WhiteElo "2270"]
[BlackElo "2235"]
[PlyCount "39"]
[EventDate "1983.??.??"]

1. e4 c5 2. Nf3 Nc6 3. Bb5 g6 4. O-O Bg7 5. c3 Nf6 6. Re1 O-O 7. h3 e5 8. d3 d6
9. Be3 Bd7 10. Nbd2 a6 11. Ba4 h6 12. d4 b5 13. Bb3 exd4 14. cxd4 c4 15. Bc2
Nb4 16. d5 Rc8 17. a3 Nxc2 18. Qxc2 Nh5 19. Nd4 f5 20. exf5 1/2-1/2

[Event "BL 8283 HSK-Koblenz"]
[Site "?"]
[Date "1983.??.??"]
[Round "?.1"]
[White "Doncevic, D."]
[Black "Huebner, R."]
[Result "0-1"]
[WhiteElo "2275"]
[BlackElo "2630"]
[PlyCount "88"]
[EventDate "1983.??.??"]

1. e4 e5 2. Nf3 Nc6 3. Bb5 g6 4. c3 a6 5. Ba4 d6 6. d4 Bd7 7. O-O Bg7 8. dxe5
dxe5 9. Be3 Nf6 10. Nbd2 O-O 11. Bxc6 Bxc6 12. Nxe5 Bxe4 13. Nxe4 Nxe4 14. Nf3
Qxd1 15. Rfxd1 Rfd8 16. Kf1 Bf6 17. Bf4 c6 18. Bc7 Rxd1+ 19. Rxd1 Nc5 20. Be5
Kg7 21. b4 Na4 22. Rd7 Nxc3 23. Rxb7 Nxa2 24. Rb6 Bxe5 25. Nxe5 a5 26. bxa5
Rxa5 27. Nxc6 Rd5 28. Rb1 Nc3 29. Re1 f5 30. Ne5 g5 31. h3 h5 32. Nf3 g4 33.
hxg4 hxg4 34. Ng1 Rd2 35. Ne2 Nd5 36. g3 Kf6 37. Ra1 Kg5 38. Ra6 Nb4 39. Re6
Nd3 40. Kg2 Ra2 41. f4+ gxf3+ 42. Kxf3 Nc5 43. Rc6 Ne4 44. Rc2 Rxc2 0-1

[Event "BL 8283 HSK-Koblenz"]
[Site "?"]
[Date "1983.??.??"]
[Round "?.2"]
[White "Chandler, M."]
[Black "Schulz, KJ."]
[Result "1-0"]
[WhiteElo "2505"]
[BlackElo "2310"]
[PlyCount "81"]
[EventDate "1983.??.??"]

1. e4 c5 2. Nf3 e6 3. d4 cxd4 4. Nxd4 Nf6 5. Nc3 d6 6. g4 a6 7. g5 Nfd7 8. Be3
b5 9. a3 Nb6 10. h4 Bb7 11. h5 N8d7 12. Rh3 Be7 13. g6 Bf6 14. Qg4 Qe7 15.
gxf7+ Kxf7 16. f4 Rac8 17. f5 e5 18. Ne6 Rhg8 19. h6 g6 20. Rf3 Nc4 21. Bxc4
Rxc4 22. Ng7 d5 23. fxg6+ hxg6 24. O-O-O d4 25. Bg5 Rxg7 26. hxg7 Kxg7 27. Rxf6
Nxf6 28. Qh4 Rxc3 29. bxc3 Qxa3+ 30. Kb1 Nh5 31. Bc1 Qf8 32. cxd4 Qf3 33. Qe7+
Kg8 34. Rg1 Bxe4 35. Qd8+ Kg7 36. Qc7+ Kg8 37. dxe5 Qb3+ 38. Bb2 Qe3 39. Rd1
Ng7 40. e6 Nxe6 41. Rd8+ 1-0

[Event "BL 8283 HSK-Koblenz"]
[Site "?"]
[Date "1983.??.??"]
[Round "?.3"]
[White "Wolf, V."]
[Black "Reefschlaeger, H."]
[Result "1/2-1/2"]
[WhiteElo "2245"]
[BlackElo "2380"]
[PlyCount "138"]
[EventDate "1983.??.??"]

1. c4 b6 2. d4 e6 3. a3 f5 4. Nc3 Nf6 5. Nf3 Be7 6. g3 Ne4 7. Bd2 O-O 8. Bg2 d5
9. O-O dxc4 10. Qa4 Nxc3 11. Bxc3 Bb7 12. Qxc4 Bd5 13. Qd3 Bf6 14. Rac1 Rf7 15.
Rfd1 Rd7 16. Qe3 Nc6 17. Ne1 Qe8 18. Bxd5 Rxd5 19. Nf3 Rad8 20. Rd3 a5 21. Qf4
Qe7 22. h4 h6 23. Rcd1 g5 24. Qc1 Qg7 25. hxg5 hxg5 26. Ne5 Bxe5 27. dxe5 Rxd3
28. Rxd3 Rxd3 29. exd3 f4 30. Qd1 fxg3 31. fxg3 g4 32. Qa4 Ne7 33. Qd7 Nf5 34.
Qxe6+ Qf7 35. Qc8+ Qf8 36. Qe6+ Qf7 37. Qc8+ Qf8 38. Qxf8+ Kxf8 39. Kf2 Kf7 40.
Bd2 Ke6 41. Bf4 c5 42. Ke2 Kd5 43. Kd2 b5 44. b3 Ne7 45. Be3 Nc6 46. e6 Kxe6
47. Bxc5 Kd5 48. Bb6 a4 49. bxa4 bxa4 50. Ke3 Ne5 51. Bd4 Nd7 52. Bg7 Nc5 53.
Bf6 Ne6 54. Kd2 Nc5 55. Kc3 Nb3 56. Kb4 Nc1 57. Kxa4 Ke6 58. Bc3 Nxd3 59. Kb5
Kd7 60. Kb6 Kc8 61. Ka7 Nc5 62. Bd4 Ne6 63. Be5 Nc5 64. Bd6 Nd3 65. a4 Kd7 66.
Ba3 Kc7 67. a5 Ne5 68. a6 Nc6+ 69. Ka8 Kb6 1/2-1/2

[Event "BL 8283 HSK-Koblenz"]
[Site "?"]
[Date "1983.??.??"]
[Round "?.4"]
[White "Cordes, H."]
[Black "Trauth, M."]
[Result "1-0"]
[WhiteElo "2280"]
[BlackElo "2235"]
[PlyCount "83"]
[EventDate "1983.??.??"]

1. d4 Nf6 2. c4 c5 3. d5 e6 4. Nc3 exd5 5. cxd5 d6 6. e4 g6 7. f3 Bg7 8. Bg5
O-O 9. Qd2 Na6 10. Nge2 Nc7 11. Ng3 a6 12. a4 Bd7 13. a5 Nb5 14. Bc4 Nd4 15.
Qd3 Bb5 16. O-O h6 17. Bf4 g5 18. Bd2 Nd7 19. f4 gxf4 20. Bxf4 Ne5 21. Bxe5
Bxc4 22. Qxc4 Bxe5 23. Nf5 Kh8 24. Ne2 Nxf5 25. Rxf5 Qh4 26. g3 Rg8 27. Qd3 Rg7
28. Qf3 Qe7 29. Rb1 Rag8 30. Nf4 Qh4 31. Kg2 Rg4 32. Rf1 Qe7 33. Nh5 f6 34.
Nxf6 Bxf6 35. Rxf6 Qg7 36. Rf2 h5 37. Qf5 Rg5 38. Qf4 Qh7 39. Rxd6 h4 40. Qf6+
R5g7 41. Rf4 hxg3 42. hxg3 1-0

[Event "BL 8283 HSK-Koblenz"]
[Site "?"]
[Date "1983.??.??"]
[Round "?.7"]
[White "Koerholz, L."]
[Black "Zieher, H."]
[Result "1-0"]
[WhiteElo "2220"]
[BlackElo "2260"]
[PlyCount "92"]
[EventDate "1983.??.??"]

1. d4 d5 2. Nf3 Nf6 3. Bg5 Ne4 4. Bh4 Bf5 5. e3 Nd7 6. Bd3 c6 7. O-O g6 8. c4
dxc4 9. Bxc4 Bg7 10. Nc3 Nd6 11. Bb3 O-O 12. h3 Nf6 13. Rc1 Re8 14. Qe2 Qa5 15.
Bg3 Rad8 16. Be5 Nfe4 17. Nxe4 Nxe4 18. Rfd1 Bf6 19. Rc4 Kg7 20. a3 Bxe5 21.
Nxe5 f6 22. Nf3 Qb5 23. Ba4 Qa6 24. Kf1 b5 25. Rb4 Qc8 26. Bc2 a5 27. Rb3 a4
28. Rbd3 Qb7 29. Rc1 Nd6 30. Rc3 Bxc2 31. R1xc2 Nc4 32. Nd2 Nxd2+ 33. Qxd2 Rd6
34. Qe2 Red8 35. Qf3 Rc8 36. Rc5 Qa6 37. Kg1 Qa5 38. R2c3 Qb6 39. Qe4 Kf7 40.
Qh4 Kg7 41. Qe4 e6 42. Qf4 Rcd8 43. h4 Qb7 44. h5 Qb6 45. h6+ Kf7 46. Qe4 Rc8 {
ZÜ} 1-0

[Event "BL 8283 Lasker-Zähringen"]
[Site "?"]
[Date "1983.??.??"]
[Round "?.1"]
[White "Herbrechtsmeier, C."]
[Black "Wockenfuss, K."]
[Result "1/2-1/2"]
[WhiteElo "2320"]
[BlackElo "2390"]
[PlyCount "127"]
[EventDate "1983.??.??"]

1. e4 d6 2. d4 Nf6 3. Nc3 g6 4. Bc4 Bg7 5. Qe2 Nc6 6. e5 Ng4 7. Bb5 O-O 8. Bxc6
bxc6 9. h3 Nh6 10. Nf3 c5 11. dxc5 Bb7 12. g4 dxe5 13. Rg1 Bxf3 14. Qxf3 Rb8
15. Qd5 Qe8 16. b3 Rd8 17. Qc4 Rd4 18. Qe2 Qc6 19. Qb5 Qe6 20. Ne2 Rd7 21. Bd2
f5 22. Qc4 Qxc4 23. bxc4 f4 24. Rb1 f3 25. Nc3 Rd4 26. Nd5 Rxc4 27. Nxc7 Rxc2
28. Ne6 Rc8 29. Kd1 Rxa2 30. c6 Nf7 31. c7 Nd6 32. Re1 Kf7 33. Ng5+ Ke8 34.
Nxf3 Rxc7 35. Rb8+ Rc8 36. Rxc8+ Nxc8 37. Nxe5 Ra1+ 38. Bc1 Bh6 39. Nd3 Bxc1
40. Nxc1 Ra3 41. Rh1 Nd6 42. h4 Ne4 43. Ke2 Ra1 44. Ke3 Nc3 45. Re1 Na2 46. Nd3
Rxe1+ 47. Nxe1 Nb4 48. Kd4 Kf7 49. Nf3 h6 50. Ne5+ Kf6 51. f4 h5 52. Nd7+ Kg7
53. gxh5 gxh5 54. Ke5 Nd3+ 55. Ke4 Nb2 56. Kf5 Nd3 57. Kg5 a5 58. Nb6 e6 59. f5
exf5 60. Kxf5 Kh6 61. Ke4 Nb2 62. Nd5 Nc4 63. Kd4 Nd2 64. Kc5 1/2-1/2

[Event "BL 8283 Lasker-Zähringen"]
[Site "?"]
[Date "1983.??.??"]
[Round "?.2"]
[White "Paulsen, D."]
[Black "Schuh, H."]
[Result "0-1"]
[WhiteElo "2330"]
[BlackElo "2305"]
[PlyCount "94"]
[EventDate "1983.??.??"]

1. d4 d5 2. c4 e6 3. Nc3 Nf6 4. Nf3 Be7 5. Bg5 Nbd7 6. e3 O-O 7. Qc2 a6 8. cxd5
exd5 9. O-O-O Re8 10. Bd3 Nf8 11. Ne5 Ng4 12. Bxe7 Rxe7 13. Nf3 Nf6 14. h3 Bd7
15. Kb1 Bb5 16. Nxb5 axb5 17. Bxb5 c5 18. dxc5 Qa5 19. a4 Rc8 20. Qd2 Qxd2 21.
Nxd2 Rxc5 22. Rc1 Rxc1+ 23. Rxc1 g6 24. Rc8 Kg7 25. Bd3 d4 26. exd4 Ne6 27. Nf3
Nd5 28. g3 Rd7 29. Bc4 Nxd4 30. Bxd5 Rxd5 31. Nxd4 Rxd4 32. b3 Rd7 33. Kc2 Kf6
34. b4 Ke5 35. Rc4 Kd5 36. Kd3 Re7 37. Rd4+ Kc6 38. Re4 Rd7+ 39. Kc4 Rd2 40.
Rf4 f5 41. g4 fxg4 42. hxg4 h5 43. Rf6+ Kc7 44. g5 h4 45. f4 h3 46. Rxg6 Rd6
47. f5 h2 0-1

[Event "BL 8283 Lasker-Zähringen"]
[Site "?"]
[Date "1983.??.??"]
[Round "?.3"]
[White "Bassler, M."]
[Black "Grzesik, T."]
[Result "0-1"]
[WhiteElo "2235"]
[BlackElo "2330"]
[PlyCount "84"]
[EventDate "1983.??.??"]

1. Nf3 Nf6 2. g3 d5 3. Bg2 c6 4. d3 Bg4 5. Nbd2 Nbd7 6. O-O e6 7. b3 Be7 8. Bb2
O-O 9. e4 a5 10. e5 Ne8 11. a4 Nc7 12. h3 Bxf3 13. Nxf3 f6 14. exf6 Bxf6 15. d4
b5 16. Ne5 Nxe5 17. dxe5 Be7 18. Kh1 b4 19. f4 Qe8 20. g4 Qg6 21. Qe2 Rf7 22.
Rf3 Raf8 23. Raf1 h5 24. Bc1 Qh7 25. g5 g6 26. h4 Rd8 27. Bh3 Kh8 28. Bb2 Bf8
29. f5 gxf5 30. g6 Qxg6 31. Rg1 Qh7 32. Rfg3 Bc5 33. Rg5 Bxg1 34. Rxh5 Bc5 35.
Rxh7+ Rxh7 36. h5 Rg8 37. Bc1 Rg1+ 38. Kh2 Rxc1 39. Qd2 Rg1 40. h6 Rg6 41. Qf4
Rhxh6 42. Qf3 f4 0-1

[Event "BL 8283 Lasker-Zähringen"]
[Site "?"]
[Date "1983.??.??"]
[Round "?.5"]
[White "Vogel, R."]
[Black "Fette, M."]
[Result "0-1"]
[WhiteElo "2245"]
[BlackElo "2270"]
[PlyCount "134"]
[EventDate "1983.??.??"]

1. d4 g6 2. e4 Bg7 3. c4 d6 4. Nc3 Nc6 5. Be3 e5 6. d5 Nce7 7. g4 Nf6 8. h3 h5
9. g5 Nh7 10. Nf3 O-O 11. Qd2 Bd7 12. O-O-O Qb8 13. Kb1 Rd8 14. Bd3 c5 15. Ka1
a6 16. Rb1 a5 17. a4 Nc8 18. Rbg1 Nb6 19. b3 Ra6 20. Ka2 Na8 21. Rg3 Nc7 22.
Nb5 Be8 23. Nh4 Ra8 24. f4 exf4 25. Bxf4 Nxb5 26. cxb5 Nf8 27. Re1 Nd7 28. Rge3
Ne5 29. Nf3 b6 30. Bxe5 dxe5 31. Qc2 c4 32. Bxc4 Qd6 33. Bf1 Rac8 34. Rc3 Bf8
35. Rc1 Qa3+ 36. Kb1 Rxc3 37. Qxc3 Rc8 38. Bc4 Bd7 39. h4 Bg4 40. Rf1 Bd6 41.
Nxe5 Be2 42. Rf2 Bxe5 43. Qxe5 Bd3+ 44. Rc2 Rxc4 45. bxc4 Qb3+ 46. Qb2 Bxc2+
47. Kc1 Qxb2+ 48. Kxb2 Bxe4 49. Kc3 Kf8 50. Kd4 Bf3 51. c5 Ke7 52. cxb6 Kd6 53.
b7 Kc7 54. Ke5 Kxb7 55. Kd6 Bd1 56. Ke7 Bxa4 57. d6 Bxb5 58. d7 Bxd7 59. Kxd7
a4 60. Ke7 a3 61. Kxf7 a2 62. Kxg6 a1=Q 63. Kxh5 Qg7 64. g6 Kc7 65. Kg5 Kd7 66.
h5 Ke7 67. h6 Qe5+ 0-1

[Event "BL 8283 Porz-Delmenhorst"]
[Site "?"]
[Date "1983.??.??"]
[Round "?.1"]
[White "Meyer, CD."]
[Black "Hort, V."]
[Result "0-1"]
[WhiteElo "2365"]
[BlackElo "2600"]
[PlyCount "98"]
[EventDate "1983.??.??"]

1. e4 e5 2. Nf3 Nc6 3. Bb5 a6 4. Ba4 Nf6 5. d4 exd4 6. O-O Be7 7. Re1 d6 8.
Nxd4 Bd7 9. Bxc6 bxc6 10. Qf3 O-O 11. Nc3 Re8 12. Bf4 c5 13. Nb3 Bg4 14. Qd3
Nh5 15. Bd2 c6 16. h3 Be6 17. Qf3 Nf6 18. Bg5 h6 19. Be3 Qb8 20. Rab1 Nd7 21.
Qg3 Kh7 22. Red1 f6 23. f4 Bf8 24. Qf2 Qc7 25. Rd2 a5 26. Rbd1 Rad8 27. Qf3 Bf7
28. Bf2 Nb6 29. Rb1 a4 30. Nc1 d5 31. exd5 cxd5 32. Qd3+ Kh8 33. Bg3 d4 34. Nd1
Bc4 35. Qf3 Bd5 36. Qg4 Nc4 37. Re2 Qc6 38. b3 Nd6 39. Rxe8 Rxe8 40. Nb2 Bxg2
41. Bf2 Bf3 42. Qg6 Be4 43. Qh5 Bf3 44. Qg6 Be4 45. Qh5 axb3 46. Nxb3 Bf3 47.
Qxc5 Qa8 48. Qa5 Qe4 49. Nd3 Qg6+ 0-1

[Event "BL 8283 Porz-Delmenhorst"]
[Site "?"]
[Date "1983.??.??"]
[Round "?.5"]
[White "Dornieden, M."]
[Black "Ostermeyer, P."]
[Result "0-1"]
[WhiteElo "2325"]
[BlackElo "2435"]
[PlyCount "84"]
[EventDate "1983.??.??"]

1. Nf3 Nf6 2. c4 e6 3. Nc3 Bb4 4. g3 b6 5. Bg2 Bb7 6. Qc2 O-O 7. a3 Bxc3 8.
Qxc3 c5 9. b4 d6 10. O-O e5 11. d3 Nc6 12. Bb2 Nd4 13. Nxd4 cxd4 14. Qd2 Bxg2
15. Kxg2 Re8 16. Rac1 Ng4 17. h3 Nh6 18. e3 Qg5 19. Rc2 Nf5 20. e4 Qxd2 21.
Rxd2 Ne7 22. f4 f6 23. a4 a6 24. Rc1 Rec8 25. Rdc2 Kf7 26. Ba3 Ke6 27. fxe5
fxe5 28. Rf2 b5 29. cxb5 axb5 30. Rxc8 Rxc8 31. axb5 d5 32. exd5+ Nxd5 33. b6
Nxb6 34. b5 Rc3 35. Bf8 Rxd3 36. Bxg7 Nc4 37. Rf8 Rb3 38. Rb8 Kd5 39. Kf2 Rb2+
40. Ke1 d3 41. Bh6 Ke4 42. Rb7 Ne3 0-1

[Event "BL 8283 Markth'feld-Enger"]
[Site "?"]
[Date "1983.??.??"]
[Round "?.1"]
[White "Gruen, G."]
[Black "Goehring, K."]
[Result "1-0"]
[WhiteElo "2285"]
[BlackElo "2365"]
[PlyCount "55"]
[EventDate "1983.??.??"]

1. d4 Nf6 2. c4 e6 3. Nf3 d5 4. Nc3 c5 5. cxd5 Nxd5 6. e4 Nxc3 7. bxc3 cxd4 8.
cxd4 Bb4+ 9. Bd2 Bxd2+ 10. Qxd2 O-O 11. Bc4 Nc6 12. O-O b6 13. Rad1 Na5 14. Bd3
Bb7 15. Rfe1 Rc8 16. d5 exd5 17. e5 Nc4 18. Qf4 Nb2 19. Bxh7+ Kxh7 20. Ng5+ Kg6
21. h4 f5 22. Rd4 Qe7 23. h5+ Kh6 24. Nf7+ Kh7 25. Qxf5+ Kg8 26. e6 Rc7 27. Rf4
Bc6 28. h6 1-0

[Event "BL 8283 Markth'feld-Enger"]
[Site "?"]
[Date "1983.??.??"]
[Round "?.3"]
[White "Kunsztowicz, U."]
[Black "Oechslein, R."]
[Result "1-0"]
[WhiteElo "2350"]
[BlackElo "2205"]
[PlyCount "61"]
[EventDate "1983.??.??"]

1. d4 Nf6 2. c4 e6 3. Nc3 d5 4. Bg5 Be7 5. e3 O-O 6. Nf3 h6 7. Bh4 Nbd7 8. Rc1
dxc4 9. Bxc4 c5 10. O-O a6 11. a4 b6 12. Qe2 Bb7 13. Rfd1 cxd4 14. Nxd4 Nd5 15.
Bxd5 exd5 16. Bxe7 Qxe7 17. Nf5 Qg5 18. Nxd5 Kh8 19. Nfe7 Nf6 20. f4 Qh4 21.
Nf5 Qg4 22. Qxg4 Nxg4 23. Nxb6 Rad8 24. Nd6 Nxe3 25. Nxf7+ Rxf7 26. Rxd8+ Kh7
27. Rd7 Rxd7 28. Nxd7 Nxg2 29. Rc7 Bf3 30. Kf2 Nh4 31. Kg3 1-0

[Event "BL 8283 Markth'feld-Enger"]
[Site "?"]
[Date "1983.??.??"]
[Round "?.4"]
[White "Riefner, E."]
[Black "Clemens, C."]
[Result "1-0"]
[WhiteElo "2245"]
[BlackElo "2380"]
[PlyCount "123"]
[EventDate "1983.??.??"]

1. e4 d5 2. exd5 Nf6 3. d4 Nxd5 4. Nf3 Bg4 5. Be2 e6 6. O-O Be7 7. Ne5 Bxe2 8.
Qxe2 O-O 9. Rd1 Nd7 10. c4 N5f6 11. Nc3 c6 12. Bg5 h6 13. Bh4 Qe8 14. Nxd7 Qxd7
15. Rd3 Rfe8 16. Rad1 Rad8 17. Qf3 Qc8 18. h3 Rd7 19. b3 Red8 20. g4 c5 21.
dxc5 Rxd3 22. Rxd3 Rxd3 23. Qxd3 Qxc5 24. Bxf6 Bxf6 25. Ne4 Qe5 26. Nxf6+ Qxf6
27. Qe4 Qe7 28. Qd4 b6 29. Qd2 a5 30. Kf1 Kh7 31. Qe3 Qd6 32. Ke2 g6 33. Qd2
Qe5+ 34. Qe3 Qd6 35. Qc3 Qf4 36. a3 Qe4+ 37. Kd2 Qf4+ 38. Ke2 Qe4+ 39. Qe3 Qc2+
40. Kf3 Qd1+ 41. Kg3 Qd6+ 42. Qf4 Qd7 43. b4 e5 44. Qxe5 Qd3+ 45. Qe3 Qd6+ 46.
Qf4 Qd3+ 47. Kg2 Qd7 48. c5 axb4 49. axb4 bxc5 50. bxc5 Kg8 51. Qe4 Kf8 52. c6
Qd6 53. Qc4 Qc7 54. h4 Ke7 55. h5 g5 56. Qb4+ Ke6 57. Qb7 Kd6 58. Qxc7+ Kxc7
59. f4 f6 60. fxg5 fxg5 61. Kf3 Kxc6 62. Ke4 1-0

[Event "BL 8283 Delmenhorst-Markth'feld"]
[Site "?"]
[Date "1983.??.??"]
[Round "?.1"]
[White "Goehring, K."]
[Black "Juhnke, K."]
[Result "1-0"]
[WhiteElo "2365"]
[BlackElo "2320"]
[PlyCount "59"]
[EventDate "1983.??.??"]

1. d4 Nf6 2. c4 g6 3. Nc3 Bg7 4. e4 d6 5. Nf3 O-O 6. Be2 e5 7. O-O Nc6 8. d5
Ne7 9. b4 Nh5 10. g3 f5 11. Ng5 Nf6 12. f3 f4 13. c5 fxg3 14. hxg3 Nh5 15. Kf2
Kh8 16. Be3 Nf6 17. Kg2 h6 18. Rh1 Kg8 19. Ne6 Bxe6 20. dxe6 d5 21. Bxh6 Bxh6
22. Rxh6 Kg7 23. Rh1 d4 24. Qd2 Nh5 25. Nd1 Ng8 26. Nf2 Qf6 27. Ng4 Qxe6 28.
Qg5 Ngf6 29. Qh6+ Kf7 30. Bc4 1-0